Regions and Capitals of New Zealand - Statistics

General Stats
  • This quiz has been taken 17 times
  • The average score is 22 of 32
Answers on the Map
Answers color-coded by a green-red scale on the quiz's map according to % correct below.
 
Answer Stats
Region % Correct
Auckland
100%
Auckland
100%
Christchurch
93%
Wellington
93%
Wellington
93%
Canterbury
87%
Bay of Plenty
80%
Dunedin
80%
Hamilton
80%
Nelson
80%
Nelson
80%
Northland
80%
Hawke's Bay
73%
Southland
73%
Gisborne
67%
Gisborne
67%
Invercargill
67%
Manawatu-Wanganui
67%
Napier
67%
Waikato
67%
Marlborough
60%
Otago
60%
Palmerston North
60%
West Coast
60%
Blenheim
53%
Tasman
53%
Whangārei
53%
Taranaki
47%
Whakatāne
47%
Greymouth
40%
Richmond
33%
Stratford
33%
No matching quizzes found
Score Distribution
Percent of People with Each Score
Percentile by Number Answered
Your Score History
You have not taken this quiz